000 00513nam a22001457a 4500
999 _c4245
_d4245
008 200728b ||||| |||| 00| 0 eng d
082 0 0 _a627.73
_bS5286
100 _93469
_aShankland, Ernest Claude.
245 1 0 _a Dredging of harbours and rivers : A Work of descriptive and technical reference combining hydrography, dredging, hydraulics and seamanship
_cby Ernest Claude. Shankland
260 _aGlasgow
_bBrown,Son&Ferguson
_c1949
300 _axii, 262 p.
365 _d31.08
650 0 _aDredging
942 _cBK